BRICS: Estudos e Documentos / (Registro n. 6418)
[ somente texto ]
| 000 -LÍDER | |
|---|---|
| campo de controle de tamanho fixo | 01904nam a2200277 a 4500 |
| 001 - NÚMERO DE CONTROLE | |
| campo de controle | BS0001361 |
| 003 - IDENTIFICADOR DO NÚMERO DE CONTROLE | |
| campo de controle | BR-BrBNA |
| 005 - DATA E HORÁRIO DA ÚLTIMA TRANSAÇÃO | |
| campo de controle | 20230726153202.0 |
| 008 - CAMPO DE DADOS FIXOS--INFORMAÇÃO GERAL | |
| campo de controle de tamanho fixo | 230308b |||||||| |||| 00| 0 por d |
| 040 ## - FONTE DA CATALOGAÇÃO | |
| Instituição da catalogação original | BR-BrBNA |
| Idioma da catalogação | por |
| Instituição que transcreveu o registro | Biblioteca Nacional de Agricultura |
| 041 ## - CÓDIGO DE IDIOMA | |
| Código do idioma do texto/trilha sonora ou título diferente | por |
| 072 ## - CÓDIGO DE CATEGORIA DE ASSUNTO | |
| Código de Categoria de Assunto | B53 |
| 090 ## - NÚMERO DE CHAMADA LOCAL | |
| Número de chamada | B53 BS0001361 |
| 100 1# - ENTRADA PRINCIPAL--NOME PESSOAL | |
| Nome pessoal | Baumann, R. |
| 100 1# - ENTRADA PRINCIPAL--NOME PESSOAL | |
| Nome pessoal | Damico, F. |
| 100 1# - ENTRADA PRINCIPAL--NOME PESSOAL | |
| Nome pessoal | Abdenur, A. E. |
| 100 1# - ENTRADA PRINCIPAL--NOME PESSOAL | |
| Nome pessoal | Folly, M. |
| 100 1# - ENTRADA PRINCIPAL--NOME PESSOAL | |
| Nome pessoal | Cozendey, C. M. |
| 100 1# - ENTRADA PRINCIPAL--NOME PESSOAL | |
| Nome pessoal | Flôres Junior, R. G. |
| 245 1# - TÍTULO | |
| Título | BRICS: Estudos e Documentos / |
| 260 3# - PUBLICAÇÃO, DISTRIBUIÇÃO, ETC. | |
| Local de publicação, distribuição, etc. | Brasília, DF: |
| Nome do editor, distribuidor, etc. | Fundação Alexandre Gusmão, |
| Data da publicação, distribuição, etc. | 2015. |
| 300 ## - DESCRIÇÃO FÍSICA | |
| Extensão | 350 p. |
| 520 3# - NOTA DE RESUMO, ETC | |
| Resumo, etc. | A compreensão dos motivos que levaram países como Brasil, Rússia, Índia, China e África do Sul a reunir-se para buscar um diálogo "em relação aos problemas do desenvolvimento global" é importante para permitir a correta avaliação do que representa esse esforço comum em prol do aperfeiçoamento do sistema internacional, do multilateralismo e da capacidade de alcançar globalmente o desenvolvimento humano sustentável. O BRICS se consolida como mecanismo de coordenação e cooperação com agenda em expansão. O mérito deste esforço de debate promovido pela FUNAG reside no escrutínio e na difusão de ideias e percepções próprias dos países participantes do mecanismo e de suas sociedades sobre questões não apenas de seu interesse comum, mas também de alcance global. Promovem-se, dessa forma, o conhecimento sobre o BRICS e a transparência do diálogo entre os participantes. Preenche-se, assim, lacuna bibliográfica sobre temas de interesse para o BRICS e para a comunidade internacional, oferecendo subsídios a novos estudos e pesquisas que aprofundarão discussões e análises a respeito das iniciativas dos países membros e de suas ações conjuntas. |
| 650 ## - ASSUNTO--TERMO TÓPICO | |
| Cabeçalho tópico ou nome geográfico | RELAÇÕES INTERNACIONAIS |
| 942 ## - ELEMENTOS DE ENTRADA ADICIONADOS (KOHA) | |
| Tipo de material Koha | Livros |
| Fonte da classificação ou esquema de arquivamento na estante | Classificação AGRIS |
| Situação do descarte | Fonte da classificação ou esquema de arquivamento na estante | Situação física | Não pode ser emprestado | Coleção | Biblioteca de origem | Biblioteca atual | Total de empréstimos | Número de telefone completo | Código de barras | Data de último acesso | Número do exemplar | Tipo de material Koha | Situação das perdas | Data de aquisição | Fonte de aquisição | Qualificador de local codificado | Custo, preço normal de compra | Número do inventário | Custo, preço de reposição | Preço efetivo de |
|---|---|---|---|---|---|---|---|---|---|---|---|---|---|---|---|---|---|---|---|---|
| Classificação AGRIS | Acervo Cultural | Biblioteca Nacional de Agricultura - Binagri | Biblioteca Nacional de Agricultura - Binagri | B53 BS0001361 | B53 BS0001361 | 12/04/2023 | 01 | Livros | 2023-04-04 | Doação | B53 |

BINAGRI